000 00341nam a22001457a 4500
008 210302b ||||| |||| 00| 0 eng d
020 _a9781898683179
041 _aeng
080 _22nd
_a616-053.2
082 _a616-053.2
100 _a8
101 _aPED
245 _aPeripheral Neuropathy in Childhood
_cOvrier, R.A
942 _2udc
_cBK
999 _c55518
_d55518